Metalwork Essentials / (Record no. 4916)
[ view plain ]
| 000 -LEADER | |
|---|---|
| fixed length control field | 00594nam a2200229 a 4500 |
| 001 - CONTROL NUMBER | |
| JCCL Control Number | 4916 |
| 003 - CONTROL NUMBER IDENTIFIER | |
| JCCL marc code | BD-JhCC |
| 005 - DATE AND TIME OF LATEST TRANSACTION | |
| control field | 20171206171817.0 |
| 008 - FIXED-LENGTH DATA ELEMENTS--GENERAL INFORMATION | |
| fixed length control field | 171205s n a|||| |||| 001 0 eng d |
| 035 ## - SYSTEM CONTROL NUMBER | |
| system control number | (BD-JhCC) |
| 040 ## - CATALOGING SOURCE | |
| Original cataloging agency | BD-JhCC |
| Modifying agency | BD-JhCC |
| 041 ## - LANGUAGE CODE | |
| Language code of Book | eng |
| 082 ## - DEWEY DECIMAL CLASSIFICATION NUMBER | |
| Classification number | 371.426871 |
| Author mark and Year | TUS |
| 100 ## - MAIN ENTRY--PERSONAL NAME | |
| Personal name | F. E. Tustison, |
| 245 ## - TITLE STATEMENT | |
| Title | Metalwork Essentials / |
| Statement of responsibility, etc | F. E. Tustison, Ray F. Kranzusch |
| 260 ## - PUBLICATION, DISTRIBUTION, ETC. (IMPRINT) | |
| Place of publication, distribution, etc | America : |
| Name of publisher, distributor, etc | The Bruce Publishing Com, |
| 300 ## - PHYSICAL DESCRIPTION | |
| Pagination | 176 p. : |
| Other physical details | ill. ; |
| Dimensions | 23 cm. |
| 650 ## - SUBJECT ADDED ENTRY--TOPICAL TERM | |
| Topical term or geographic name as entry element | Metalwork |
| 700 ## - ADDED ENTRY--PERSONAL NAME | |
| Personal name | Kranzusch, Ray F. |
| 942 ## - ADDED ENTRY ELEMENTS (KOHA) | |
| Source of classification or shelving scheme | Dewey Decimal Classification |
| Koha item type | Books |
| Source of classification or shelving scheme | Damaged status | Not for loan | Home library | Current library | Shelving location | Total Checkouts | Full call number | Barcode | Date last seen | Copy number | Koha item type |
|---|---|---|---|---|---|---|---|---|---|---|---|
| Dewey Decimal Classification | JCC Rouf Library | JCC Rouf Library | General Stacks | 371.426871 TUS | 6442 | 12/05/2017 | C-1 | Books |